|
|
|
|
| LEADER |
04292nam a22003973i 4500 |
| 001 |
EBC6956380 |
| 003 |
MiAaPQ |
| 005 |
20231204023223.0 |
| 006 |
m o d | |
| 007 |
cr cnu|||||||| |
| 008 |
231204s2021 xx o ||||0 ger d |
| 020 |
|
|
|a 9783839458921
|q (electronic bk.)
|
| 020 |
|
|
|z 9783837658927
|
| 035 |
|
|
|a (MiAaPQ)EBC6956380
|
| 035 |
|
|
|a (Au-PeEL)EBL6956380
|
| 035 |
|
|
|a (OCoLC)1280943772
|
| 040 |
|
|
|a MiAaPQ
|b eng
|e rda
|e pn
|c MiAaPQ
|d MiAaPQ
|
| 100 |
1 |
|
|a Ba, Claudia.
|
| 245 |
1 |
0 |
|a Ikonische Kohärenz :
|b Vom Erben des Kankurang in Senegal und Gambia.
|
| 250 |
|
|
|a 1st ed.
|
| 264 |
|
1 |
|a Bielefeld :
|b transcript,
|c 2021.
|
| 264 |
|
4 |
|c {copy}2021.
|
| 300 |
|
|
|a 1 online resource (363 pages)
|
| 336 |
|
|
|a text
|b txt
|2 rdacontent
|
| 337 |
|
|
|a computer
|b c
|2 rdamedia
|
| 338 |
|
|
|a online resource
|b cr
|2 rdacarrier
|
| 490 |
1 |
|
|a Materialitäten
|
| 505 |
0 |
|
|a Cover -- Inhalt -- 1. Das Sichtbare im Unsichtbaren -- 1.1 Von klirrenden Macheten und Tamtams -- 1.2 Der Kankurang als Erbe, heritage und patrimoine -- 1.3 Relationale Positionalität -- 2. Welche Interpretation für welche Bilder? -- 2.1 Ethnografischer Zugang und Quellenidentifizierung -- 2.2 Zwischen Einfühlen und Befremden -- 2.3 Wissenssoziologie des Visuellen und Methodenpluralität -- 3. Immaterielles Kulturerbe visualisieren -- 3.1 Welche Mnemotechniken in Westafrika? -- 3.1.1 Politiken des Immateriellen Kulturerbes -- 3.1.2 Die Herausforderung der Visualisierung -- 3.1.3 Strategien der Musealisierung in Westafrika -- 3.1.4 Erinnerungslandschaft Gambias -- 3.1.5 Erinnerungslandschaft Senegals -- 3.2 Zeitdiagnosen in und über Westafrika -- 3.2.1 Der Kulturbegriff als Kollektivierungsdiskurs -- 3.2.2 Kulturrelativismus und Raummetaphern -- 3.2.3 Visualisierungen, Medientransfer und Geschichtsvorstellungen -- 3.3 Ikonische Kohärenz der Raum- und Zeit‑Episteme -- 3.3.1 Eine Frage der Kohärenz -- 3.3.2 Raum und Zeit in philosophischen Realitätskonzepten -- 3.3.3 Original und Repräsentation, Reproduktion und Aura -- 3.3.4 Endlichkeitsvorstellungen mit Bildern -- 3.3.5 Ikonische Kohärenz in ihren Dimensionen und Dimensionierungen -- 4. Visualisierungen des Kankurang als Figuration von Erbe -- 4.1 Die Geheimnis-Ebenen als Phänomenstruktur -- 4.1.1 Äußerungen des Abstrakten und Fragmentarischen -- 4.1.2 Geheimnis-Ebenen als Verlustdiskurs -- 4.1.3 Kontext 1: Zwischen Oralität, Literalität und Visualität -- 4.1.4 Kontext 2: Youtube, Instagram und Staatsfernsehen -- 4.1.5 Kontext 3: Globale Sichtbarkeit durch die UNESCO -- 4.1.6 Ikonische Kohärenz textueller Formung oder multikontextuale Visualisierungen -- 4.2 Das Kankurang Documentation Center in Janjanbureh in Gambia -- 4.2.1 Äußere Dimension des KDC.
|
| 505 |
8 |
|
|a 4.2.2 Innere Dimensionierungen der Visualisierungen im KDC -- 4.2.3 Eine neue äußere Dimension - das Kankurang‑Festival -- 4.2.4 Die permeable Kulturnation und visualisierten Identitätsrelationen -- 4.3 Espace Kankourang in Mbour in Senegal -- 4.3.1 Äußere Dimension des Espace Kankourang -- 4.3.2 Innere Dimensionierungen der Visualisierungen des Espace Kankourang -- 4.3.3 Latente Monumente - Bilder auf dem Schrank des Kurators -- 4.3.4 Territoriale Geschichte und visualisierte Identitätsrelationen -- 5. Visualisierungen als Strukturmerkmal -- 5.1 Die ikonische Kohärenz als Kontingenzbewältigung -- 5.2 Eine kritische Bilanzierung im Spiegel der Mediologie -- 5.3 Trajektorien der Visualisierungen des Kankurang -- 5.4 Mnemotechniken auf dem Weg zum Erbe -- Danksagung -- Verzeichnisse -- Abkürzungen -- Abbildungen und Tabellen -- Literatur.
|
| 588 |
|
|
|a Description based on publisher supplied metadata and other sources.
|
| 590 |
|
|
|a Electronic reproduction. Ann Arbor, Michigan : ProQuest Ebook Central, 2023. Available via World Wide Web. Access may be limited to ProQuest Ebook Central affiliated libraries.
|
| 655 |
|
4 |
|a Electronic books.
|
| 776 |
0 |
8 |
|i Print version:
|a Ba, Claudia
|t Ikonische Kohärenz
|d Bielefeld : transcript,c2021
|z 9783837658927
|
| 797 |
2 |
|
|a ProQuest (Firm)
|
| 830 |
|
0 |
|a Materialitäten
|
| 856 |
4 |
0 |
|u https://ebookcentral.proquest.com/lib/matrademy/detail.action?docID=6956380
|z Click to View
|